| 000 | 00000nam 2200000zi 4500 |
| 001 | 9.921886 |
| 003 | CaOODSP |
| 005 | 20230424120421 |
| 006 | m o d f |
| 007 | cr ||||||||||| |
| 008 | 230424e197910##onca o f000 0 eng d |
| 040 | |aCaOODSP|beng|erda|cCaOODSP |
| 043 | |an-cn--- |
| 086 | 1 |aFs64-1/1979E-PDF |
| 100 | 1 |aWong, Ed, |eauthor. |
| 245 | 00|aWorldwide fisheries marketing study : |bprospectus to 1985 : overview / |cE. Wong, R. Bulmer, K.A.J. Hay. |
| 264 | 1|aOttawa : |bGovernment of Canada, Fisheries and Oceans, Industry, Trade and Commerce = Gouvernement du Canada, Pêches et océans, Industrie et commerce, |cOctober 1979. |
| 300 | |a1 online resource (47 pages) : |billustrations |
| 336 | |atext|btxt|2rdacontent |
| 337 | |acomputer|bc|2rdamedia |
| 338 | |aonline resource|bcr|2rdacarrier |
| 500 | |aIssued also in French under title: Étude du marché international des produits de la pêche : perpsectives d'ici 1985 : vue d'emsemble. |
| 500 | |aDigitized edition from print [produced by Innovation, Science and Economic Development Canada]. |
| 550 | |a"Marketing Services Branch, Economic Development Directorate, Fisheries Economic Development & Marketing, Department of Fisheries and Oceans." |
| 650 | 0|aFishery products|zCanada|xMarketing. |
| 650 | 0|aFish trade|zCanada. |
| 710 | 1 |aCanada. |bDepartment of Fisheries and Oceans, |eissuing body. |
| 710 | 1 |aCanada. |bIndustry, Trade and Commerce, |eissuing body. |
| 775 | 08|tÉtude du marché international des produits de la pêche : |w(CaOODSP)9.921885 |
| 856 | 40|qPDF|s1.19 MB|uhttps://publications.gc.ca/collections/collection_2023/isde-ised/Fs64-1-1979-eng.pdf |